| 000 | 00721nam a22002177a 4500 | ||
|---|---|---|---|
| 003 | OSt | ||
| 005 | 20251002084518.0 | ||
| 008 | 251002b |||||||| |||| 00| 0 eng d | ||
| 020 | _a0-7336-1195-8 | ||
| 040 |
_aDWCL-Main lib _cOC |
||
| 082 | _aCirc. 133.93 W223 1995 | ||
| 100 | _aWalsch, N.D. | ||
| 245 |
_aConversations with God, book 1 : an uncommon dialogue _ban uncommon dialogue _cWALSCH, NEALE DONALD |
||
| 260 |
_aAustralia : _bHodder, _cc1995 |
||
| 300 |
_a211 pages : _c21 cm. |
||
| 650 | _2God-miscellanea | ||
| 650 | _2Imaginary conversations | ||
| 650 | _2Private revelations | ||
| 650 | _2Spiritual life | ||
| 942 |
_2ddc _cBK-CIRC _hCirc. 133.93 W223 1995 _kCirc. _n0 |
||
| 999 |
_c4650 _d4650 |
||